Guess the phoebe bridgers song with no hints #7 - Statistics

General Stats
  • This quiz has been taken 75 times
  • The average score is 103 of 143
Answer Stats
% Correct
a
100%
i
100%
an
98%
you
95%
the
93%
and
91%
"and
91%
me
86%
me?"
86%
my
86%
do
84%
is
84%
when
84%
go
81%
hear
81%
it
81%
like
81%
your
79%
be
77%
feel
77%
"that
77%
that
77%
to
77%
got
74%
it's
74%
"it's
74%
she
74%
all
72%
"what
72%
what
72%
with
72%
her
70%
can
67%
don't
67%
feeling
67%
heart
67%
"how
67%
of
67%
open
67%
scott
67%
stranger
67%
street
67%
container
65%
said
65%
walking
65%
about
63%
band"
63%
does
63%
i'm
63%
make
63%
name
63%
name?
63%
sister?
63%
"they're
63%
too
63%
ashamed
60%
asked
60%
i've
60%
makes
60%
much
60%
old"
60%
plan
60%
carry"
58%
degree"
58%
getting
58%
heard
58%
married"
58%
stack
58%
anyway
56%
beer
56%
drums?"
56%
payment
56%
shit
56%
shower
56%
i'll
53%
playing
53%
tall
51%
every
49%
bed
47%
that's
47%
night
44%
burn
42%
head
42%
mail
42%
over
40%
helicopters
37%
there's
37%
earned
35%
money
35%
lonely
33%
spending
30%
No matching quizzes found
Score Distribution
Percent of People with Each Score
Percentile by Number Answered
Your Score History
You have not taken this quiz